<?xml version="1.0" encoding="UTF-8"?><?xml-stylesheet type="text/xsl" href="static/style.xsl"?><OAI-PMH xmlns="http://www.openarchives.org/OAI/2.0/" xmlns:xsi="http://www.w3.org/2001/XMLSchema-instance" xsi:schemaLocation="http://www.openarchives.org/OAI/2.0/ http://www.openarchives.org/OAI/2.0/OAI-PMH.xsd"><responseDate>2026-04-14T03:21:22Z</responseDate><request verb="GetRecord" identifier="oai:www.recercat.cat:2117/440437" metadataPrefix="marc">https://recercat.cat/oai/request</request><GetRecord><record><header><identifier>oai:recercat.cat:2117/440437</identifier><datestamp>2025-08-21T14:33:59Z</datestamp><setSpec>com_2072_1033</setSpec><setSpec>col_2072_452951</setSpec></header><metadata><record xmlns="http://www.loc.gov/MARC21/slim" xmlns:dcterms="http://purl.org/dc/terms/" xmlns:xsi="http://www.w3.org/2001/XMLSchema-instance" xmlns:doc="http://www.lyncode.com/xoai" xsi:schemaLocation="http://www.loc.gov/MARC21/slim http://www.loc.gov/standards/marcxml/schema/MARC21slim.xsd">
   <leader>00925njm 22002777a 4500</leader>
   <datafield ind2=" " ind1=" " tag="042">
      <subfield code="a">dc</subfield>
   </datafield>
   <datafield ind2=" " ind1=" " tag="720">
      <subfield code="a">Aranda Jara, Víctor Miguel</subfield>
      <subfield code="e">author</subfield>
   </datafield>
   <datafield ind2=" " ind1=" " tag="260">
      <subfield code="c">2025-07</subfield>
   </datafield>
   <datafield ind2=" " ind1=" " tag="520">
      <subfield code="a">El objetivo de este proyecto es desarrollar de manera práctica la secuencia de arranque de los sistemas auxiliares de un buque Ro-Pax así como indicar la normativa asociada a cada sistema. Este objetivo se llevará a cabo tomando como buque de estudio el modelo de buque Ro-Pax del simulador de cámara de máquinas de la Facultad de Náutica de Barcelona (FNB) Wärtsilä Transas ENGINCE ROOM SIMULATOR TechSim 5000.
Todas las operaciones que aparecerán en este trabajo se basan en el simulador de la FNB, por consiguiente, la forma de proceder puede que difiera ligeramente con respecto a la operativa real de arranque de los sistemas auxiliares de un buque Ro-Pax.
Dando continuidad a la línea iniciada en mi proyecto previo, centrado en la puesta en marcha de la planta de propulsión de un buque Ro-Pax desde la condición de buque frío, el presente estudio tiene como propósito servir de apoyo al alumno de máquinas en su proceso de aprendizaje, facilitando una comprensión más clara y profunda de los diferentes sistemas que conforman un buque.</subfield>
   </datafield>
   <datafield ind1="8" ind2=" " tag="024">
      <subfield code="a">http://hdl.handle.net/2117/440437</subfield>
   </datafield>
   <datafield tag="653" ind2=" " ind1=" ">
      <subfield code="a">Àrees temàtiques de la UPC::Nàutica</subfield>
   </datafield>
   <datafield tag="653" ind2=" " ind1=" ">
      <subfield code="a">Marine engineering</subfield>
   </datafield>
   <datafield tag="653" ind2=" " ind1=" ">
      <subfield code="a">Naval architecture</subfield>
   </datafield>
   <datafield tag="653" ind2=" " ind1=" ">
      <subfield code="a">Ro-Pax</subfield>
   </datafield>
   <datafield tag="653" ind2=" " ind1=" ">
      <subfield code="a">Wärtsilä transas</subfield>
   </datafield>
   <datafield tag="653" ind2=" " ind1=" ">
      <subfield code="a">Engine room simulator techsim 5000</subfield>
   </datafield>
   <datafield tag="653" ind2=" " ind1=" ">
      <subfield code="a">Alumno de máquinas</subfield>
   </datafield>
   <datafield tag="653" ind2=" " ind1=" ">
      <subfield code="a">Sistemas auxiliares</subfield>
   </datafield>
   <datafield tag="653" ind2=" " ind1=" ">
      <subfield code="a">Enginyeria naval--Embarcacions</subfield>
   </datafield>
   <datafield tag="653" ind2=" " ind1=" ">
      <subfield code="a">Arquitectura naval</subfield>
   </datafield>
   <datafield ind2="0" ind1="0" tag="245">
      <subfield code="a">Sistemas auxiliares de un buque Ro-Pax: operativa y normativa aplicable</subfield>
   </datafield>
</record></metadata></record></GetRecord></OAI-PMH>